000 00433nam a2200169Ia 4500
008 221030s9999 xx 000 0 und d
020 _a817808046X
041 _aEnglish
082 _a105.23
_bAho
100 _aA. V. Aho
245 0 _aCompilers - Principles, Techniques & Tools
_cby A. V. Aho, R. Sethi
260 _bPearson Education
_aDelhi
_c2002
300 _a395
650 _aBE Computer
700 _aR. Sethi
942 _cBK
999 _c8223
_d8223